|
|
|
|
| LEADER |
00000nam0a2200000 4500 |
| 001 |
377389 |
| 005 |
20231102012918.0 |
| 035 |
|
|
|a (RuTPU)RU\TPU\retro\34840
|
| 090 |
|
|
|a 377389
|
| 100 |
|
|
|a 20230303d1979 m y0rusy50 ca
|
| 101 |
0 |
|
|a rus
|
| 102 |
|
|
|a RU
|
| 105 |
|
|
|a y j 001zy
|
| 200 |
1 |
|
|a Сборник упражнений по органической химии
|e учебное пособие
|f под ред. В. И. Векслера ; З. Я. Хавина
|
| 205 |
|
|
|a 2-е изд., перераб. и доп.
|
| 210 |
|
|
|a Москва
|c Высшая школа
|d 1979
|
| 215 |
|
|
|a 216 с.
|
| 320 |
|
|
|a Библиогр.: с. 215
|
| 606 |
1 |
|
|a Органическая химия
|2 stltpush
|3 (RuTPU)RU\TPU\subj\47309
|9 66362
|
| 610 |
1 |
|
|a учебные пособия
|
| 610 |
1 |
|
|a упражнения
|
| 610 |
1 |
|
|a решения
|
| 610 |
1 |
|
|a углеводороды
|
| 610 |
1 |
|
|a углеводы
|
| 610 |
1 |
|
|a альдегиды
|
| 610 |
1 |
|
|a кетоны
|
| 610 |
1 |
|
|a карбоновые кислоты
|
| 610 |
1 |
|
|a оптическая изомерия
|
| 610 |
1 |
|
|a оксикислоты
|
| 610 |
1 |
|
|a фенолы
|
| 610 |
1 |
|
|a ароматические соединения
|
| 675 |
|
|
|a 547(076)
|v 4
|
| 702 |
|
1 |
|a Векслер
|b В. И.
|g Владимир Иванович
|4 340
|
| 702 |
|
1 |
|a Хавин
|b З. Я.
|g Захарий Яковлевич
|4 340
|
| 801 |
|
1 |
|a RU
|b 63413507
|c 20230303
|
| 801 |
|
2 |
|a RU
|b 63413507
|c 20230303
|g RCR
|
| 942 |
|
|
|c BK
|